|
|
|
|
| LEADER |
01656nam a2200421 a 4500 |
| 001 |
nkc20061695504 |
| 003 |
CZ PrNK |
| 005 |
20070208170520.0 |
| 007 |
ta |
| 008 |
061031s2006 xr e p 000 0 cze |
| 015 |
|
|
|a cnb001695504
|
| 020 |
|
|
|a 80-210-4081-5
|q (brož.)
|
| 035 |
|
|
|a (OCoLC)124089036
|
| 040 |
|
|
|a BOA001
|b cze
|d ABA001
|
| 072 |
|
7 |
|a 657
|x Účetnictví
|2 Konspekt
|9 4
|
| 072 |
|
7 |
|a 37.016
|x Učební osnovy. Vyučovací předměty. Učebnice
|2 Konspekt
|9 22
|
| 080 |
|
|
|a 657
|2 MRF
|
| 080 |
|
|
|a (075.8)
|2 MRF
|
| 100 |
1 |
|
|a Hýblová, Eva,
|d 1962-
|7 xx0004394
|4 aut
|
| 245 |
1 |
0 |
|a Řešené příklady z finančního účetnictví /
|c Eva Hýblová
|
| 250 |
|
|
|a 1. vyd.
|
| 260 |
|
|
|a Brno :
|b Masarykova univerzita,
|c 2006
|
| 300 |
|
|
|a 164 s. ;
|c 30 cm
|
| 500 |
|
|
|a Nad názvem: Masarykova univerzita, Ekonomicko-správní fakulta
|
| 500 |
|
|
|a 50 výt.
|
| 504 |
|
|
|a Obsahuje bibliografii
|
| 650 |
0 |
7 |
|a účetnictví
|7 ph116911
|x úlohy
|2 czenas
|
| 650 |
0 |
9 |
|a accounting
|x problems, exercises, etc
|2 eczenas
|
| 655 |
|
7 |
|a učebnice vysokých škol
|7 fd133772
|2 czenas
|
| 655 |
|
9 |
|a textbooks (higher)
|2 eczenas
|
| 710 |
2 |
|
|a Masarykova univerzita.
|b Ekonomicko-správní fakulta
|7 kn20010709273
|
| 856 |
4 |
1 |
|u http://www.digitalniknihovna.cz/mzk/uuid/uuid:75a20630-5bf4-11e7-a0ea-005056827e52
|y Digitalizovaný dokument
|x NDK
|
| 910 |
2 |
|
|a BOA001
|b 3-1177.298
|
| 990 |
|
|
|a BK
|
| 995 |
|
|
|a 01
|
| 991 |
|
|
|b 200612
|c NOV
|
| 996 |
6 |
|
|b 2610294852
|c 3-1177.298
|l MZK
|r Sklad / do 1 hodiny
|n 1
|p p.v.
|w 000833582
|u 000010
|a 1
|e BOA001
|j MZK50
|s P
|
| 996 |
7 |
|
|b 2610294853
|c 3-1177.298
|l MZK
|r Sklad / do 1 hodiny
|n 40
|p p.v.
|w 000833582
|u 000020
|a 1
|e BOA001
|j MZK50
|s A
|